000 00602nam a2200229Ia 4500
003 OSt
005 20220927105218.0
006 a|||||r|||| 00| 0
007 ta
008 220926b |||||||| |||| 00| 0 eng d
024 _a188030
037 _cReference Collections
040 _aRTL
_cRTL
_beng
041 _2eng
_aeng
082 _a"B, J7/SC"
100 _aSutton O. G.
_9370996
245 0 _aMathematics in action
260 _aNew
_bYork Harper and Brothers
_c1960
300 _axvi
_ccm.
942 _h"B, J7/SC"
_cCC
999 _c691245
_d691245